000 00990cpcaa2200277 4500
001 mm 79003254
003 DLC
005 20260227111643.0
008 790503|||||||||||| fre
010 _amm 79003254
040 _aDLC
_edacs
_cDLC
_dDLC
072 7 _aC
_2lcmd
100 2 _aEspinay de Saint-Luc, François d',
_d-1597.
245 0 0 _aObservations militaires :
_kmanuscript book,
_f16th century.
300 _a1
_fitem.
506 0 _aOpen to research.
520 8 _aA portion of Observations Militaires.
533 _aNegative photocopy.
_b[S.l.].
545 0 _aFrench army officer.
546 _aCollection material in French.
580 _aForms part of : Miscellaneous Manuscripts collection.
651 0 _aFrance
_xHistory, Military.
656 7 _aArmy officers, French.
_2itoamc
999 _c41275
_d41275